000 00759nam a2200205Ii 4500
003 JO-AjNU
008 230605s9999||||xx |||||||||||||| ||und||
040 _aJO-AjNU
_bara
_erda
_cJO-AjNU
041 _aara
050 1 4 _aNK1175.M8
100 3 _aعزت مصطفى,محمد تأليف,
_eauthor
_99218
245 0 0 _aقصة الفن التشكيلي:العالم القديم:دراسات في الفنون التشكيلية، ج1
250 _aط2
264 3 1 _aالقاهرة:دار المعارف,1970
300 _aج1، 143ص
_bصور توضيحية
336 _atext
_btxt
_2rdacontent
337 _aunmediated
_bn
_2rdamedia
338 _avolume
_bnc
_2rdacarrier
650 4 _aالفن-الفن التشكيلي-قصة الفن التشكيلي
_99219
999 _aA1186
_c4754
_d4754